000 00566nam a2200193Ia 4500
005 20250923145644.0
008 008 250917s9999 xx 000 0 eng d
037 _aTextual
040 _aDSWL
_beng
_cDSWL
041 _aeng
_2eng
084 _aZ2:(V:5), N84
_qDSWL
245 0 _aBare Act : The Protection of Civil Rights Act (Untouchability Offences Act 1976
260 _aAllahabad
_bCentral Law Society
_c1984
300 _a14 p.
365 _aINR
_b2.25
925 _g2.25
942 _cTEXL
_hZ2:(V:5), N84
999 _c1453996
_d1453996